000 00425nam a2200181Ia 4500
001 22763
005 20260414150852.0
008 260414t2007||||xx |||||||||||||| ||spa||
041 _aESP
082 _a621.47
_bV21
100 _aValera Palacios, Anibal Abel
_eAUT
245 0 _aEnergia solar II
_b
260 _c2007
300 _a286 páginas :
_c24 cm.
650 _aTCA
654 _aCET
942 _cLIB
_dJUS
_fJUS
_2ddc
_n
999 _c22763
_d22763